| 000 | 00636nam a2200217 i 4500 | ||
|---|---|---|---|
| 001 | bgj | ||
| 100 | 1 | _aBRIEGER, Nick | |
| 245 | 1 | 0 |
_aThe Language of Business English : _bgrammar & functions / _cNick Brieger, Simon Sweeney. |
| 260 |
_aNew York : _bPrentice Hall ELT, _c1994. |
||
| 300 |
_a250 pp : _bill. ; _c28 cm. |
||
| 505 | _aIncludes index. | ||
| 650 | 9 |
_aEnglish language _xBusiness English |
|
| 650 | 9 |
_aEnglish language _xGrammar |
|
| 655 | _aProblems, exercises, etc. | ||
| 020 | _a0130425168 | ||
| 040 | _cBPK | ||
| 041 | 0 | _aeng | |
| 920 | _a0-13-042516-8 | ||
| 942 | _cKS | ||
| 008 | s uk f |000 0 eng | ||
| 999 |
_c48409 _d48409 |
||
| 856 |
_uhttp://koha.tu.koszalin.pl/cgi-bin/koha/opac-detail.pl?biblionumber=48409 _yKatalog online BPK |
||